11番線のある駅 - Statistics

General Stats
  • This quiz has been taken 485 times
  • The average score is 58 of 72
Answer Stats
Hint Answer % Correct
北海道 札幌 最近設置
96%
埼玉県 大宮
94%
東京都 新宿
94%
岩手県 盛岡
92%
宮城県 仙台
92%
東京都 上野
92%
東京都 品川
92%
青森県 新青森
91%
福島県 福島
91%
秋田県 秋田
90%
群馬県 高崎
90%
長野県 長野
90%
新潟県 新潟
90%
青森県 八戸
89%
福島県 郡山
89%
大阪府 大阪
89%
石川県 金沢
88%
愛知県 名古屋
88%
福岡県 博多
88%
京都府 京都
87%
広島県 広島
87%
北海道 新函館北斗
86%
山口県 新山口
86%
新潟県 長岡
85%
富山県 富山
85%
福井県 敦賀 最近設置
85%
兵庫県 姫路
85%
福岡県 小倉
85%
熊本県 熊本
85%
埼玉県 熊谷
84%
福井県 福井 最近設置
84%
滋賀県 米原
84%
長崎県 長崎
84%
鹿児島県 鹿児島中央
84%
神奈川県 小田原
82%
新潟県 燕三条
82%
新潟県 越後湯沢
82%
岩手県 一ノ関
80%
千葉県 西船橋
79%
兵庫県 西明石
79%
北海道 木古内
78%
新潟県 上越妙高
78%
福岡県 久留米
78%
佐賀県 新鳥栖
78%
熊本県 新八代
78%
秋田県 大曲
77%
愛知県 豊橋 臨時
77%
大阪府 天王寺
77%
新潟県 糸魚川
76%
石川県 小松 最近設置
76%
兵庫県 相生
76%
宮城県 古川
75%
鹿児島県 川内
74%
岩手県 北上 臨時
73%
長野県 飯山
73%
佐賀県 武雄温泉
73%
青森県 奥津軽いまべつ
72%
新潟県 浦佐
72%
石川県 加賀温泉 最近設置
72%
福井県 芦原温泉 最近設置
72%
長崎県 諫早
72%
熊本県 新水俣
72%
長崎県 新大村
71%
山口県 厚狭
70%
福岡県 筑後船小屋
70%
宮城県 くりこま高原
69%
佐賀県 嬉野温泉
68%
福岡県 新大牟田
67%
熊本県 新玉名
67%
鹿児島県 出水
65%
東京都 日暮里
52%
新潟県 十日町
36%
No matching quizzes found
Score Distribution
Percent of People with Each Score
Percentile by Number Answered
Your Score History
You have not taken this quiz